Elements of mathematics / (Record no. 180049)
[ view plain ]
| 000 -LEADER | |
|---|---|
| fixed length control field | 00797 a2200181 4500 |
| 003 - CONTROL NUMBER IDENTIFIER | |
| control field | NUST |
| 005 - DATE AND TIME OF LATEST TRANSACTION | |
| control field | 20221101142458.0 |
| 010 ## - LIBRARY OF CONGRESS CONTROL NUMBER | |
| LC control number | 6820143 |
| 040 ## - CATALOGING SOURCE | |
| Transcribing agency | Nust |
| 082 ## - DEWEY DECIMAL CLASSIFICATION NUMBER | |
| Classification number | 510,MES |
| 100 ## - MAIN ENTRY--PERSONAL NAME | |
| Personal name | Meserve, Bruce E. |
| 9 (RLIN) | 102211 |
| 245 ## - TITLE STATEMENT | |
| Title | Elements of mathematics / |
| Statement of responsibility, etc. | Bruce E. Meserve, Max A. Sobel |
| 260 ## - PUBLICATION, DISTRIBUTION, ETC. | |
| Place of publication, distribution, etc. | Englewood Cliffs, N.J., |
| Name of publisher, distributor, etc. | Prentice-Hall |
| Date of publication, distribution, etc. | [1968] |
| 300 ## - PHYSICAL DESCRIPTION | |
| Extent | xi, 303 p.: |
| Other physical details | illus. 25 cm. |
| 505 ## - FORMATTED CONTENTS NOTE | |
| Formatted contents note | Exploitation in Mathematics (Page-1), Sets of Number (Page-19), Sentences in one Variables (Page-52), Sentences in Two Variables (Page-77), Elements of Geometry (Page-104), Analytic Geometry (Page-139), Mathematical Structures (Page-164), Probability (Page- 195), Functions and Relations (Page-228). |
| 650 ## - SUBJECT ADDED ENTRY--TOPICAL TERM | |
| Topical term or geographic name entry element | Elements of mathematics |
| 9 (RLIN) | 102212 |
| 942 ## - ADDED ENTRY ELEMENTS (KOHA) | |
| Source of classification or shelving scheme | |
| Koha item type | Book |
| Call number prefix | 510,MES |
| Withdrawn status | Lost status | Source of classification or shelving scheme | Damaged status | Not for loan | Permanent Location | Current Location | Shelving location | Date acquired | Full call number | Barcode | Date last seen | Price effective from | Koha item type | Public note |
|---|---|---|---|---|---|---|---|---|---|---|---|---|---|---|
| Military College of Signals (MCS) | Military College of Signals (MCS) | General Stacks | 12/12/2016 | 510,MES | MCS20730 | 12/08/2016 | 12/12/2016 | Book | Almirah No.10, Shelf No.1 |
